000
00158nam a22000857a 4500
999
_c
12814
_d
12814
082
_a
324.22
100
_a
Fatima Jinnah
245
_a
Mere Bhai Jaan
942
_c
BK